| 000 | 01049cab a22002055a 4500 | ||
|---|---|---|---|
| 001 | L152452 | ||
| 008 | 110309e20110219xxk 000 0 eng d | ||
| 035 | _a(Sirsi) u152452 | ||
| 041 | 0 | _aeng | |
| 100 | 1 | _aHewitson, Nigel | |
| 245 | 0 | 0 | _aMoney raiser |
| 260 | _c2011 | ||
| 490 |
_aEstates Gazette _v(1107) 19 February 2011, 88-90(3) |
||
| 520 | _aWith the introduction of the Community Infrastructure Levy (CIL) discusses the consequences for developers. Describes how the system will work including the payment criteria and charging schedules. Notes how Section 106 agreements will remain but will be narrower in scope. Gives further advice to developers such as to ensure that the CIL is factored into Section 106 agreements to avoid charging twice and to consider how changes to the 106 regime might affect proposed planning obligations. | ||
| 590 | _aKA | ||
| 650 | 2 | 4 | _aTOWN AND COUNTRY PLANNING ACT 1990 S106 |
| 651 | 4 |
_aEngland and Wales _y1543- |
|
| 690 | _aENVIRONMENTAL AND LAND CONSULTANCY-PLANNING AND DEVELOPMENT | ||
| 942 | _n0 | ||
| 999 |
_c82969 _d82969 |
||